[Event "Landesliga Nord 0809"]
[Site "Bayern"]
[Date "2008.11.30"]
[Round "3.3"]
[White "Kreuzer, Helmut"]
[Black "Lowitz, Torsten"]
[Result "0-1"]
[WhiteElo "2194"]
[BlackElo "2067"]
[PlyCount "106"]
[EventDate "2008.10.05"]
[EventType "team-tourn"]
[EventRounds "9"]
[EventCountry "GER"]
[SourceTitle "EXT 2020"]
[Source "ChessBase"]
[SourceDate "2019.10.17"]
[SourceVersion "1"]
[SourceVersionDate "2019.10.17"]
[SourceQuality "1"]
[WhiteTeam "Kelheim"]
[BlackTeam "Puschendorf"]
[WhiteTeamCountry "GER"]
[BlackTeamCountry "GER"]

1. d4 Nf6 2. c4 g6 3. Nc3 Bg7 4. e4 d6 5. f3 0-0 6. Be3 c5 7. Nge2 Nc6 8. Qd2 Qa5 9. d5 Ne5 10. Nc1 Re8 11. f4 Neg4 12. Bg1 e6 13. h3 exd5 14. hxg4 Nxe4 15. Nxe4 Rxe4+ 16. Be2 Qxd2+ 17. Kxd2 dxc4 18. Bf3 Bxb2 19. Rb1 c3+ 20. Kc2 Rxf4 21. Nd3 Ra4 22. Nxb2 cxb2 23. Rxb2 Bxg4 24. Bxb7 Re8 25. Bf3 Bxf3 26. gxf3 Re2+ 27. Kb1 Re1+ 28. Kc2 Re2+ 29. Kb1 Rb4 30. Bd4 Rbxb2+ 31. Bxb2 h5 32. Rd1 Re6 33. f4 f6 34. f5 gxf5 35. Rf1 Kf7 36. Rxf5 Kg6 37. Rf1 h4 38. Rf4 Kg5 39. Bc1 Kh5 40. Bb2 h3 41. Bxf6 Re1+ 42. Kc2 h2 43. Rh4+ Kg6 44. Rxh2 Kxf6 45. Kc3 Re4 46. Rh7 a5 47. Rh5 Ke6 48. Rh3 Kd5 49. a3 Kc6 50. Rg3 Kb5 51. Kb3 d5 52. Rh3 a4+ 53. Kc3 Re3+ 0-1

[Event "Landesliga Nord 0809"]
[Site "Bayern"]
[Date "2008.10.26"]
[Round "2.3"]
[White "Lowitz, Torsten"]
[Black "Muehlbauer, Andreas"]
[Result "1/2-1/2"]
[WhiteElo "2067"]
[BlackElo "2110"]
[PlyCount "50"]
[EventDate "2008.10.05"]
[EventType "team-tourn"]
[EventRounds "9"]
[EventCountry "GER"]
[SourceTitle "EXT 2020"]
[Source "ChessBase"]
[SourceDate "2019.10.17"]
[SourceVersion "1"]
[SourceVersionDate "2019.10.17"]
[SourceQuality "1"]
[WhiteTeam "Puschendorf"]
[BlackTeam "Koetzting"]
[WhiteTeamCountry "GER"]
[BlackTeamCountry "GER"]

1. e4 c5 2. Nf3 a6 3. c3 d5 4. exd5 Qxd5 5. d4 e6 6. Bd3 Nf6 7. 0-0 Nc6 8. Re1 Be7 9. h3 0-0 10. Be3 Rd8 11. Be2 cxd4 12. cxd4 b5 13. Nc3 Qd6 14. a3 Bb7 15. b4 Rac8 16. Rc1 e5 17. dxe5 Nxe5 18. Qxd6 Bxd6 19. Nxe5 Bxe5 20. Red1 Rxd1+ 21. Nxd1 Rxc1 22. Bxc1 Ne4 23. Bb2 Bxb2 24. Nxb2 Nc3 25. Bd3 Kf8 1/2-1/2

[Event "Landesliga Nord 0809"]
[Site "Bayern"]
[Date "2008.10.05"]
[Round "1.3"]
[White "Heimrath, Wolfgang"]
[Black "Lowitz, Torsten"]
[Result "1-0"]
[WhiteElo "2088"]
[BlackElo "2067"]
[PlyCount "79"]
[EventDate "2008.10.05"]
[EventType "team-tourn"]
[EventRounds "9"]
[EventCountry "GER"]
[SourceTitle "EXT 2020"]
[Source "ChessBase"]
[SourceDate "2019.10.17"]
[SourceVersion "1"]
[SourceVersionDate "2019.10.17"]
[SourceQuality "1"]
[WhiteTeam "Zirndorf"]
[BlackTeam "Puschendorf"]
[WhiteTeamCountry "GER"]
[BlackTeamCountry "GER"]

1. e4 c5 2. Nf3 d6 3. d4 cxd4 4. Nxd4 Nf6 5. f3 e5 6. Bb5+ Nbd7 7. Nf5 Qc7 8. Bg5 a6 9. Bxf6 gxf6 10. Bxd7+ Bxd7 11. Ne3 Be7 12. Nc3 Be6 13. Qd2 Rc8 14. 0-0-0 b5 15. Ncd5 Qc5 16. Kb1 Rb8 17. g4 Kd7 18. Nf5 Bxd5 19. Qxd5 Qxd5 20. Rxd5 Rhd8 21. Rhd1 Ke6 22. R1d3 Rb6 23. Rc3 Kd7 24. Kc1 Bf8 25. h4 Rc6 26. Rcd3 Rdc8 27. Rd2 Ke6 28. a3 R8c7 29. c3 Rc8 30. Kc2 R8c7 31. f4 Rd7 32. g5 Rc4 33. fxe5 fxe5 34. Kd3 Rc5 35. Ne3 h6 36. Ke2 hxg5 37. hxg5 Be7 38. Nf5 Rdc7 39. Rxd6+ Bxd6 40. Rxd6# 1-0